01003nam a2200277 a 450000100060000000300080000600500170001400800410003103500200007204000320009204100080012408200250013210000550015724500670021226000440027930000270032349000390035050400420038965000400043165000240047165000210049583000470051694200120056399900170057595201330059257934BD-RjUL20211209080551.0161212s1968 ilu b 001 0 eng  a(BD-RjUL) 58058 aDLCcDLCdDLCdBD-RjULbeng aeng00a320.01223bMUP 19681 aMurphy, Joseph S.q(Joseph Samson),d1933-917206910aPolitical theory :ba conceptual analysis /cJoseph S. Murphy. aHomewood, Ill. :bDorsey Press,cc1968. axiii, 267 p. ;c24 cm.0 aDorsey series in political science aBibliographical footnotes and index.  0aPolitical sciencexHistory.9171888 0aState, The.9171550 0aLiberty.9170799 aDorsey series in political science9172071 2ddccBK c57934d57934 00102ddc40718NFICaRUCLbRUCLcReadingd1975-01-15eObidul Huql0o320.01 MUP 1968r2016-12-12 00:00:00tC-1w2016-12-12yBK